000 00380nam a22001577a 4500
003 MPLRDC
005 20220104144203.0
008 210129b ||||| |||| 00| 0 eng d
082 _a783.1 SKBH-3
100 _a不详
245 _a山口百惠传奇
_c
260 _a
_b大地文化事业公司
_c
300 _b
650 _a日本名人传记
942 _cBK
_o783.1 SKBH-3
999 _c47223
_d47213